Open Data Biblioteca Nacional de Portugal


República Portuguesa: Ministério da Cultura
Biblioteca Nacional de Portugal

Catálogo da BNP: acesso por Identificadores Unívocos
Registos Bibliográficos associados ao registo de autoridade

Etiqueta de registo: 00580cas 022002171 04500
001 95488
003 http://id.bnportugal.gov.pt/bib/catbnp/95488
005 19981119172000.0
095 ## $aPTBN00099290
100 ## $a19750101d1974 m y0pora0103 ba
101 0# $apor
102 ## $aPT
200 1# $aCaderno$fMovimento da Juventude Trabalhadora
207 #0 $aNº 1-
210 #9 $aLisboa$cJuventude,$d[D.L. 1974]-
215 ## $d21cm
606 ## $aPolítica$2SIPOR$39345
675 ## $a32(05)$vmed$zpor$3288350
712 02 $aMovimento da Juventude Trabalhadora$4650$312952
801 #0 $aPT$bBN$gRPC
966 ## $lBN$mFGREV$sP.P. 14281 V.
998 ## $aCR424 - 00008

Etiqueta de registo: 00698cas 022002411 04500
001 133602
003 http://id.bnportugal.gov.pt/bib/catbnp/133602
005 19981121221000.0
095 ## $aPTBN00139258
100 ## $a19750501b19741975m y0pora0103 ba
101 0# $apor
102 ## $aPT
200 1# $aJovem trabalhador$eorgão do Movimento da Juventude Trabalhadora
210 #9 $aLisboa$cM. J. T.,$d[1974?]-1975
215 ## $d49 cm
303 ## $aDescrição baseada em: nº 12 (Jan. 1975)
326 ## $aBimensal
606 ## $2SIPOR$39345
675 ## $a329(05)$vmed$zpor$3289194
712 02 $aMovimento da Juventude Trabalhadora$4650$312952
801 #0 $aPT$bBN$gRPC
966 ## $lBN$mFGJOR$sJ. 3453 V.

Etiqueta de registo: 01087ckm 2200289 450
001 461314
003 http://id.bnportugal.gov.pt/bib/catbnp/461314
005 19990101000000.0
095 ## $aPTBN00663840
100 ## $a19941017d1975 am y0pory0103 ba
101 0# $apor
102 ## $aPT
200 1# $aEncontro nacional dos trabalhadores estudantes$bVisual gráfico]$forganização conjunta da Intersindical e do M.J.T.
210 #9 $a[S.l.]$cIntersindical,$dimp. 1975$e[Porto] :$gEmp. do Jornal do Comércio)
215 ## $a1 cartaz$ccolor.$d47x32 cm
675 ## $a331-057(084.5)$vBN$zpor$3309774
675 ## $a371.21(084.5)$vBN$zpor$3559720
675 ## $a061.3(469.411Lisboa)"1975"(084.5)$vBN$zpor$31567444
675 ## $a766(=1:469)"197"(084.5)$vBN$zpor$31270858
710 12 $aEncontro Nacional dos Trabalhadores Estudantes,$eLisboa,$f1975$3149488
712 02 $aCGTP-IN$4557$34741
712 02 $aMovimento da Juventude Trabalhadora$4557$312952
801 #0 $aPT$bBN$gRPC
856 40 $uhttps://purl.pt/22053
856 41 $uhttps://purl.pt/22053/service/media/cover/low
958 ## $aBND$bInterno$cDigitalizado
966 ## $lBN$mICONOG$sCT. 4482 V.$x3

Etiqueta de registo: 00254nkm 2200109 450
001 1972727
003 http://id.bnportugal.gov.pt/bib/catbnp/1972727
100 ## $a20170928f19741975am y0pory01030103ba
101 0# $apor
102 ## $aPT
200 1# $aI Torneio aberto de futebol de 5 (cinco)$bVisual gráfico]$forganização do Movimento da Juventude Trabalhadora
210 #9 $c[S.l.$cs.n.,$dD.L. 1975]$eVila Real de Santo António:$gEmpresa Litográfica do Sul)
215 ## $a1 cartaz$cpreto impresso em papel azul$d17x22,5 cm
307 ## $aNão il.
675 ## $a796.33(469)"197"(084.5)$vBN$zpor$31690124
675 ## $a766(=1:469)"197"(084.5)$vBN$zpor$31270858
710 02 $aMovimento da Juventude Trabalhadora$312952
801 #0 $aPT$bBN$gRPC
966 ## $lBN$mICONOG$sCT. 208 P.$x1
997 ## $aBIBEOD

Etiqueta de registo: 00000nkm 2200025 450
001 2268624
003 http://id.bnportugal.gov.pt/bib/catbnp/2268624
100 ## $a20260218f19691975m y0pory01030103ba
101 0# $apor
102 ## $aPT
200 1# $aEncontro regional da juventude trabalhadora, 24 de novembro$bVisual gráfico]$fMovimento da Juventude Trabalhadora
210 #9 $aLisboa$cMovimento da Juventude Trabalhadora,$d[entre 1969 e 1975]
215 ## $a1 cartaz$ccolor.$d69,5x50 cm
306 ## $aDatação atribuída em conformidade com as características formais do documento
317 ## $aColeção Madeira Luís
317 ## $aColeção Madeira Luís$5PTBN: CT. 21972 A.
710 02 $aMovimento da Juventude Trabalhadora$312952
801 #0 $aPT$bBN$gRPC
966 ## $lBN$mICONOG$sCT. 21779 A.$x3
966 ## $lBN$mICONOG$sCT. 21972 A.$x3
971 ## $cCatmusica8$d20260218
995 ## $aPRR2026 $d20260218$iCatmusica8

Etiqueta de registo: 00000nkm 2200025 450
001 2279900
003 http://id.bnportugal.gov.pt/bib/catbnp/2279900
100 ## $a20260312f1974 m y0pory01030103ba
101 0# $apor
102 ## $aPT
200 1# $aComício da Juventude, Festejemos o 28 de março, Unidade da Juventude, Pelo Avanço do Processo Revolucionário, Voz do Operário, dia 28 - 3$bVisual gráfico]$fMJT, UJC, MDP/CDE, UEC
210 #9 $a[S.l.]$cMovimento da Juventude Trabalhadora,$d[posterior a 1974]
215 ## $a1 cartaz$ccolor.$d67x47cm
306 ## $aDatação atribuída em conformidade com as características formais do documento
317 ## $aColeção Madeira Luís
710 02 $aMovimento da Juventude Trabalhadora$312952
711 02 $aUnião da Juventude Comunista$3316575
711 02 $aMovimento Democrático Português$c(MDP/CDE)$349728
711 02 $aUnião dos Estudantes Comunistas$319701
801 #0 $aPT$bBN$gRPC
966 ## $lBN$mICONOG$sCT. 24585 A.$x3
971 ## $cCaticonografia10$d20260312
995 ## $aPRR2026

Etiqueta de registo: 00000nkm 2200025 450
001 2282134
003 http://id.bnportugal.gov.pt/bib/catbnp/2282134
100 ## $a20260320d1974 m y0pory01030103ba
101 0# $apor
102 ## $aPT
200 1# $aAcampamento Nacional da Juventude Trabalhadora, Santa Cruz, 10-18 agosto$bVisual gráfico]$fMJT
210 #9 $a[Lisboa]$cMovimento da Juventude Trabalhadora,$d1974$e[Lisboa] :$gGuide - Artes Gráficas)
215 ## $a1 cartaz$ccolor.$d48,7x34,2 cm
316 ## $aInformação da localidade encontra-se manuscrita$5PTBN: CT. 17036 V.
317 ## $aColeção Madeira Luís
710 02 $aMovimento da Juventude Trabalhadora$312952
801 #0 $aPT$bBN$gRPC
966 ## $lBN$mICONOG$sCT. 17036 V.$x3
971 ## $cCaticonografia5$d20260320
995 ## $aPRR2026

OpendataBNP@bnportugal.pt | Mais informação sobre acesso aos dados BNP